Donde viven los monstruos /

Guardado en:
Autor Principal: Sendak, Maurice
Otros Autores: Gervás, Agustín; trad.
Formato: Libro
Publicado: Buenos Aires : Alfaguara, 2013
Edición:4a. reimp.
Series:Alfaguara Infantil
Materias:
Etiquetas: Agregar Etiqueta
Sin Etiquetas, Sea el primero en etiquetar este registro!
LEADER 00936nam a22002655a 4500
001 CEM.cems015563
008 130507s2013##################000#0#####d
005 20231214180350.0
245 1 0 |a Donde viven los monstruos /  |c Maurice Sendak ; traducido Por Agustín Gervás 
250 |a 4a. reimp. 
260 |a Buenos Aires :  |b Alfaguara,  |c 2013 
300 |a 40p. 
490 0 |a Alfaguara Infantil 
500 |a Título original: Where the wild things are 
020 |a 9789870407522 
100 1 |a Sendak, Maurice 
700 1 |a Gervás, Agustín; trad. 
082 0 4 |a 818.3 
653 |a Literatura 
653 |a Literatura estadounidense 
653 |a Literatura infantil 
653 |a Cuentos infantiles 
859 |a CEMS  |b BIB. CEMS - Inicial y Primaria  |h 818.3  |i Se558  |k IP  |p 4089  |t Ej.1 
859 |a CEMS  |b BIB. CEMS - Ccias. Educacion  |h 818.3  |i Se558  |k CE  |p 29020.19  |t Ej.1 
859 |a CEMS  |b BIB. CEMS - Inicial y Primaria  |h 818.3  |i Se558  |k IP  |p 4185  |t Ej.2